00421nam a2200181Ia 4500003000900000008004100009040001300050040001300063041000900076100001400085245007600099250001100175260001700186260000900203300001100212300001000223490000600233IT-RoPAU120407s9999 xx 000 0 und d aIT-RoPAU cIT-RoPAU alat  aT. Stella aDurandus e Sancto Porciano. Quolibeta avenionensia tria. Cura T. Stella aZurich aPas - Verlag c1965 a331 p. c24 cm v1